000 00285nam a22000857a 4500
008 150128b xxu||||| |||| 00| 0 eng d
020 _cAvailable
245 _aMathematics 10 (Science Group)
_cAli Asghar Ch.
260 _aLahore
_bIlmi Kitab Khana Kabir Street, Urdu Bazar, Lahore
_cJanuary 2014
999 _c24737
_d24737